| 000 | 00486nab a2200145Ia 4500 | ||
|---|---|---|---|
| 003 | ES-SlBCS | ||
| 005 | 20210601132849.0 | ||
| 008 | 140529s1959 xxu||||| |||| 00| 0 ita d | ||
| 041 | _aita | ||
| 100 | 1 |
_aDegan, Giovanni del _963155 |
|
| 245 | 0 | 0 |
_aL'origine dell'anima umana e la filosofia di S. Tommaso d'Aquino _c Giovanni del Degan |
| 600 | 0 | 4 |
_aTomás de Aquino-Alma Humana _9199622 |
| 773 | 0 |
_tGiornali di Metafisica _gvol. 14, nº. 2, 1959, págs. 195-225 _w0017-0372 |
|
| 942 | _cAR | ||
| 999 |
_c586843 _d586843 |
||